| 000 | 00498nam a22001577a 4500 | ||
|---|---|---|---|
| 003 | OSt | ||
| 005 | 20260120151840.0 | ||
| 008 | 260120b |||||||| |||| 00| 0 eng d | ||
| 040 | _cMRSPTU | ||
| 041 | _aEnglish | ||
| 100 | _aSaroj Rani, Supervisor: Abhilasha | ||
| 245 | _aImplementation and Analysis of Identity Spoofing attack using Epidemic Routing Protocol in Delay Tolerant Network | ||
| 260 |
_bDepartment of CSE, MRSPTU, Bathinda _c2015 |
||
| 650 | _aComputer Science | ||
| 942 |
_2ddc _cTH _n0 |
||
| 999 |
_c10706 _d10706 |
||